000 00336nam a2200133Ia 4500
008 191201s2012 xx 000 0 und d
082 _a005.74
_bCOD
100 _aCONNOLLY,Thomas
245 0 _aData base system a practical approach...
250 _aIMP 7th
260 _c2012
_bpearson
_aNEW DELHI
300 _a1374
942 _2ddc
_cBK
_02
999 _c7776
_d7776